Crossing over : the basics of evolution : workbook for teachers (Record no. 214806)

MARC details
000 -LEADER
fixed length control field 00309nam a2200097Ia 4500
082 ## - DEWEY DECIMAL CLASSIFICATION NUMBER
Classification number 576.50|DEMP
008 - FIXED-LENGTH DATA ELEMENTS--GENERAL INFORMATION
fixed length control field 210817s9999 xx 000 0 und d
100 ## - MAIN ENTRY--PERSONAL NAME
Personal name Dempster, E. Cape Town, South Africa, 2006
9 (RLIN) 66856
245 #0 - TITLE STATEMENT
Title Crossing over : the basics of evolution : workbook for teachers
942 ## - ADDED ENTRY ELEMENTS
item type Books
Holdings
Withdrawn status Lost status Damaged status Not for loan Home library Current library Date acquired Cost, normal purchase price Total Checkouts Barcode Date last seen Price effective from item type
        Emthonjeni PL (MMID-PLEMA-EMTH) Emthonjeni PL (MMID-PLEMA-EMTH) 18.08.2021 290.00   3322810097385 18.08.2021 18.08.2021 Books